Prvá päťka najväčších svetových bánk sa vlani nezmenila
Výsledky svetových bánk z r. 2001 potvrdili globálnu recesiu poklesom objemu aktív i ziskov. Banky čelia problémom redukciou nákladov. Rebríček Top 250 bánk zverejňovaných britským časopisom Euromoney. Rebríček svetových bánk podľa akciového kapitálu. Prvá päťka sa vlani nezmenila. Slovenskí zahrani...
Guardado en:
| Autor principal: | |
|---|---|
| Otros Autores: | |
| Formato: | Capítulo de libro |
| Lenguaje: | eslovaco |
| Materias: | |
| Etiquetas: |
Sin Etiquetas, Sea el primero en etiquetar este registro!
|
MARC
| LEADER | 00000naa a2200000 4500 | ||
|---|---|---|---|
| 001 | r045778 | ||
| 005 | 20230921114046.5 | ||
| 041 | 0 | |a slo | |
| 044 | |a SK | ||
| 245 | 1 | 0 | |a Prvá päťka najväčších svetových bánk sa vlani nezmenila |c Ján Záborský, Jana Kováčová |
| 520 | |a Výsledky svetových bánk z r. 2001 potvrdili globálnu recesiu poklesom objemu aktív i ziskov. Banky čelia problémom redukciou nákladov. Rebríček Top 250 bánk zverejňovaných britským časopisom Euromoney. Rebríček svetových bánk podľa akciového kapitálu. Prvá päťka sa vlani nezmenila. Slovenskí zahraniční vlastníci na čele chýbajú. Nemeckým bankám poklesli zisky. | ||
| 610 | 2 | 0 | |a banky |
| 610 | 2 | 0 | |a svet |
| 610 | 2 | 0 | |a aktíva |
| 610 | 2 | 0 | |a zisk |
| 610 | 2 | 0 | |a akcie |
| 610 | 2 | 0 | |a kapitál bankový |
| 610 | 2 | 0 | |a Top 250 bánk |
| 610 | 2 | 0 | |a 2001 |
| 100 | 1 | |a Záborský, Ján | |
| 700 | 1 | |a Kováčová, Jana | |